000 00497nam a2200169Ia 4500
999 _c1203
_d1203
003 OSt
005 20200928122844.0
008 190216s9999||||xx |||||||||||||| ||und||
040 _coclc
082 _a582.13
_bCHA/M
100 _aChauhan, D K S
_95068
245 0 _aMorphology, Embryology And Histology /
_cD K S Chauhan
260 _bShashidhar Malaviya Prakshan,
_c1969.
_aLucknow:
300 _a226p
650 _aBotany
942 _cBK
_2ddc
_h582.13
_iCHA/M
_k582.13
_mCHA/M